<?xml version="1.0" encoding="UTF-8"?>
<record
    xmlns:xsi="http://www.w3.org/2001/XMLSchema-instance"
    xsi:schemaLocation="http://www.loc.gov/MARC21/slim http://www.loc.gov/standards/marcxml/schema/MARC21slim.xsd"
    xmlns="http://www.loc.gov/MARC21/slim">

  <leader>01527cam a2200253 a 4500</leader>
  <controlfield tag="001">12732111</controlfield>
  <controlfield tag="003">IT-MiSPE</controlfield>
  <controlfield tag="005">20210417122618.0</controlfield>
  <controlfield tag="008">020402s2002    it            000 0dita d</controlfield>
  <datafield tag="020" ind1=" " ind2=" ">
    <subfield code="a">884591674X</subfield>
    <subfield code="c">8.00 EUR</subfield>
  </datafield>
  <datafield tag="035" ind1=" " ind2=" ">
    <subfield code="a">(OCoLC)ocm49401564</subfield>
  </datafield>
  <datafield tag="040" ind1=" " ind2=" ">
    <subfield code="a">IT-MiSPE</subfield>
    <subfield code="c">IT-MiSPE</subfield>
  </datafield>
  <datafield tag="082" ind1=" " ind2=" ">
    <subfield code="a">231.7-TAR fe te (axa 23313)</subfield>
  </datafield>
  <datafield tag="100" ind1="1" ind2=" ">
    <subfield code="a">Tartaglia, Ferdinando.</subfield>
    <subfield code="d">1916-1988</subfield>
    <subfield code="e">aut.</subfield>
    <subfield code="9">58876</subfield>
  </datafield>
  <datafield tag="245" ind1="1" ind2="0">
    <subfield code="a">Tesi per la fine del problema di Dio /</subfield>
    <subfield code="c">Ferdinando Tartaglia ; con un saggio di Sergio Quinzio.</subfield>
  </datafield>
  <datafield tag="260" ind1=" " ind2=" ">
    <subfield code="a">Milano :</subfield>
    <subfield code="b">Adelphi,</subfield>
    <subfield code="c">2002.</subfield>
  </datafield>
  <datafield tag="300" ind1=" " ind2=" ">
    <subfield code="a">160 p. ;</subfield>
    <subfield code="c">18 cm.</subfield>
  </datafield>
  <datafield tag="490" ind1="0" ind2=" ">
    <subfield code="a">Piccola biblioteca Adelphi ;</subfield>
    <subfield code="v">473</subfield>
  </datafield>
  <datafield tag="520" ind1=" " ind2=" ">
    <subfield code="a">Nella Firenze del primo dopoguerra apparve come una meteora la figura di un giovane sacerdote che parlava di religione come nessuno prima: con un rigore, un'esigenza di assoluto, una insofferenza per ogni pensiero tiepido che lasciavano sconcertati e affascinati. Era "l'uomo della novit&#xE0;", come lo chiam&#xF2; in un memorabile libro di ricordi Giulio Cattaneo. Ma la novit&#xE0; del Tartaglia significava l'abolizione di tutte le posizioni spirituali presenti, incluse quelle religiose. Non meraviglia che la Chiesa reagisse a tanta audacia, arrivando sino alla scomunica pi&#xF9; grave. Quanto a Tartaglia, dopo alcuni scritti, si chiuse in un silenzio che non ruppe sino alla morte, avvenuta nel 1988.  </subfield>
  </datafield>
  <datafield tag="600" ind1="1" ind2="0">
    <subfield code="a">Tartaglia, Ferdinando.</subfield>
    <subfield code="d">1916-1988</subfield>
    <subfield code="9">58876</subfield>
  </datafield>
  <datafield tag="650" ind1=" " ind2="0">
    <subfield code="a">Dio</subfield>
    <subfield code="x">Storia delle dottrine.</subfield>
    <subfield code="9">58886</subfield>
  </datafield>
  <datafield tag="700" ind1="1" ind2=" ">
    <subfield code="a">Quinzio, Sergio.</subfield>
    <subfield code="d">1927-1996</subfield>
    <subfield code="9">58887</subfield>
  </datafield>
  <datafield tag="942" ind1=" " ind2=" ">
    <subfield code="2">ddc</subfield>
    <subfield code="c">BK</subfield>
  </datafield>
  <datafield tag="999" ind1=" " ind2=" ">
    <subfield code="c">359239</subfield>
    <subfield code="d">359239</subfield>
  </datafield>
  <datafield tag="952" ind1=" " ind2=" ">
    <subfield code="0">0</subfield>
    <subfield code="1">0</subfield>
    <subfield code="2">ddc</subfield>
    <subfield code="4">0</subfield>
    <subfield code="6">231_000000000000000_7TAR_FE_TE_AXA_23313</subfield>
    <subfield code="7">1</subfield>
    <subfield code="a">CINISELLO</subfield>
    <subfield code="b">CINISELLO</subfield>
    <subfield code="d">2021-04-17</subfield>
    <subfield code="l">0</subfield>
    <subfield code="o">231.7-TAR fe te (axa 23313)</subfield>
    <subfield code="p">978884591674X</subfield>
    <subfield code="r">2021-04-17 00:00:00</subfield>
    <subfield code="w">2021-04-17</subfield>
    <subfield code="y">BK</subfield>
  </datafield>
</record>
